00722nam a2200253 a 4500001001300000003000900013005001700022008004100039020001000080082001600090100002000106245002300126260004500149300000900194500003500203505001400238650002400252650002600276700002000302902000800322942000700330952011600337999001500453nice12345678IN_TiNIC20260116012017.0050524s1974 floa grp 000 0 eng  ac10000a946.02bHAN aHandler, Andrew aZiridis of Granada aFloridabUniversity of Miami Pressc1974 a208p aincludes index and biblioraphy2 aFootnotes aSpain-History-Islam aZirids,Granda-history1 aHandler, Andrew bSRS cBK 001040708StackRoom-aHMIbHMId2007-04-02g100.00l0o946.02 HANp09137r2007-04-02v100.00w2005-05-24yBK c5272d5272